Doprava a skladovanie vo výrobných systémoch
Saved in:
| Main Author: | |
|---|---|
| Other Authors: | |
| Format: | Manuscript Book |
| Language: | Slovak |
| Published: |
2016
|
| Subjects: | |
| Online Access: | http://is.stuba.sk/zp/portal_zp.pl?podrobnosti=105742 |
| Tags: |
No Tags, Be the first to tag this record!
|
MARC
| LEADER | 00000ntm a22000003a 4500 | ||
|---|---|---|---|
| 001 | stuzp56122 | ||
| 003 | SK-STU | ||
| 005 | 20160719154918.6 | ||
| 007 | ta | ||
| 008 | 150427s2015----xo-----f-mn---000-0-slo-d | ||
| 040 | |a STU |b slo | ||
| 041 | 0 | |a slo | |
| 100 | 1 | |a Babiš, Adam |u 063000 |4 aut |U MTF Materiálovotechnologická fakulta |T MTF Ústav výrobných technológií |X 71497 |U M3000 |Y 83 |7 71497 | |
| 242 | 0 | 1 | |a Transportation and storage in production systems |y eng |
| 245 | 1 | 0 | |a Doprava a skladovanie vo výrobných systémoch |
| 260 | |c 2016 | ||
| 650 | 4 | |a doprava |2 slo | |
| 650 | 4 | |a skladovanie |2 slo | |
| 650 | 4 | |a zariadenia |2 slo | |
| 650 | 4 | |a systémy |2 slo | |
| 650 | 4 | |a transportation |2 eng | |
| 650 | 4 | |a storage |2 eng | |
| 650 | 4 | |a devices |2 eng | |
| 650 | 4 | |a systems |2 eng | |
| 700 | 1 | |a Matúšová, Miriam |u 063800 |k Z1 |4 ths |U MTF Ústav výrobných technológií |T MTF Katedra výrobných systémov, metrológie a montáže |X 4309 |U M3800 |Y 660 |7 A000004309 | |
| 856 | 4 | |u http://is.stuba.sk/zp/portal_zp.pl?podrobnosti=105742 | |
| 996 | |c M* BP-7657 |l MMSKP |s P |a 0 |w stuzp56122_0001 | ||
| SQL | |a stuzp56122 |b DBP |c SLO |d Doprava a skladovanie vo výrobných systémoch |e 71497 |f Babiš, Adam |g 063000 |h 4309 |i Matúšová, Miriam |j 20160620 |k 179 |l 06 |m http://is.stuba.sk/zp/portal_zp.pl?podrobnosti=105742 |n B-VZS |o 5.2.50. výrobná technika | ||